00273nam a2200109Ia 4500008004100000041000800041082001700049100001000066245003500076260003300111300001900144241028s9999 xx 000 0 und d aeng a658.8340 SAU aSauro aCustomer Analytics For Dummies bWiley IndiaaNew Delhic2015 a324;. P. 23 cm